Mười vạn câu hỏi vì sao?: Thực vật, công nghệ thông tin, thiên văn học
v..v.
Đã lưu trong:
| Tác giả chính: | |
|---|---|
| Định dạng: | Sách |
| Năm xuất bản: |
H.
Văn hóa thông tin
2007
|
| Chủ đề: | |
| Tags: |
Thêm thẻ
Không có thẻ, Hãy là người đầu tiên gắn thẻ bản ghi này!
|
| LEADER | 00702nam a2200193 4500 | ||
|---|---|---|---|
| 082 | |a 580.76 |b Đ522H | ||
| 100 | |a Đức Hậu | ||
| 245 | |a Mười vạn câu hỏi vì sao?: Thực vật, công nghệ thông tin, thiên văn học |c ĐứcHậu | ||
| 260 | |a H. |b Văn hóa thông tin |c 2007 | ||
| 300 | |a 431 tr |c 19 cm | ||
| 520 | |a v..v. | ||
| 653 | |a Thực vật học | ||
| 653 | |a Công nghệ thông tin | ||
| 653 | |a Thiên văn học | ||
| 653 | |a Hỏi đáp | ||
| 653 | |a Sách khoa học thường thức | ||
| 942 | |2 ddc |c SH | ||
| 999 | |c 7336 |d 7336 | ||
| 952 | |0 0 |1 0 |2 ddc |4 0 |6 580_760000000000000_Đ522H |7 0 |8 500 |9 67287 |a qbu |b qbu |c D3 |d 2015-02-04 |g 58000 |o 580.76 Đ522H |p 7213.c1 |r 0000-00-00 |w 2015-02-04 |y SH | ||